Click Capitals of Oceania on a Map - Statistics

General Stats
  • This quiz has been taken 29 times
  • The average score is 11 of 14
Answers on the Map
Answers color-coded by a green-red scale on the quiz's map according to % correct below.
 
Answer Stats
Answer % Correct
Canberra
100%
Honiara
90%
Wellington
90%
Port Moresby
85%
Majuro
80%
Suva
80%
Yaren
80%
Tarawa
75%
Apia
70%
Nukuʻalofa
70%
Port Vila
70%
Ngerulmud
65%
Palikir
60%
Funafuti
55%
No matching quizzes found
Score Distribution
Percent of People with Each Score
Percentile by Number Answered
Your Score History
You have not taken this quiz